000 01130nam a22002417a 4500
003 NALT
005 20241127092826.0
008 210302b th ||||| |||| 00| 0 tha d
020 _a9786164761223
040 _aNALT
050 _aHD 4485.T5
_bพ979ค 2563
100 0 _919139
_aไพบูลย์ โพธิ์สุวรรณ
245 1 0 _aคู่มือการบริหารจัดการขยะแบบ "พลเมืองยุคใหม่ ชุมชนไร้ถัง" /
_cไพบูลย์ โพธิ์สุวรรณ.
250 _aพิมพ์ครั้งที่ 2
260 _aกรุงเทพฯ :
_bสถาบันพระปกเกล้า,
_c2563.
300 _a126 :]
_bภาพประกอบ, ตาราง ;
_c21 ซม.
650 4 _915789
_aขยะ
650 0 _aการกำจัดขยะ
_zไทย
_916506
850 _aNALT
942 _cGB
_2lcc
998 _abijaya
_bphon
_cphon
_j111
_k นางสาวพจพิณ พรมเอี่ยม
999 _c98090
_d98090